00000000nam##2200000za#4500
0019.543413
003CaOODSP
00520210615090403
007ta
008150406|2006||||xxc|||||     f|0| 0 fre|d
020 |a0-660-63166-0
040 |aCaOODSP|bfre
041 |aeng
041 |afre
043 |an-cn---
0861 |aBT31-4/43-2006
1101 |aCanada. |bConseil du trésor.
24510|aRessources humaines et Développement social Canada
2463 |aRessources humaines et Développement des compétences Canada et Développement social Canada, budget principal des dépenses 2005-2006 - rapport ministériel sur le rendement
260 |bSecrétariat du Conseil du Trésor du Canada |c2006.
300 |aTexte français, v, 217p. : |bgraphiques, références, tableaux, photographies ; |c28 cm.
4901 |aRapport sur le rendement pour la période se terminant le 31 mars 2006
5203 |aLes rapports ministériels sur le rendement font partie du Budget des dépenses préparé par le gouvernement du Canada chaque année à l’appui des autorisations de dépenser demandées au Parlement pour l’affectation des fonds publics. Chaque rapport met l’accent sur la reddition de comptes, comparant les réalisations avec les attentes et les engagements établis plus tôt dans le Rapport sur les plans et priorités du ministère. Les rapports ministériels sur le rendement tiennent compte de l’accent sur le citoyen des programmes du gouvernement, établissant le contexte stratégique, les risques et les défis liés au respect des engagements, et les liens entre les ressources que le ministère utilise et les avantages qu’elles ont apportés aux Canadiens et à la société canadienne.
563 |aCouverture souple
590 |a06-48|b2006-12-01
69107|aDéveloppement social|2gcpds
69107|aÉvaluation du rendement|2gcpds
69107|aHabiletés|2gcpds
69107|aMinistère du gouvernement fédéral|2gcpds
69107|aRessources humaines|2gcpds
7760#|tRessources humaines et Développement des compétences Canada et Développement social Canada, budget principal des dépenses, 2005 - 2006, rapport ministériel sur le rendement |w(CaOODSP)9.594140
791 |tHuman Resources and Social Development Canada |eeng|w(CaOODSP)9.543412
830#0|aRapport sur le rendement pour la période se terminant le 31 mars 2006.|w(CaOODSP)9.511221